000 00558nam a2200133 4500
999 _c11301
_d11301
008 181113b ||||| |||| 00| 0 eng d
082 _aDPer 050 T48 Apr-June 2016 v. 187, n. 12-24.
100 _932519
_aForoohar, Rana
245 _aAfter decades of consensus, the value of global free trade is being contested by the left and the right. What every voter nedds to know/
_cRana Foroohar.
260 _aHong Kong;
_bTime Asia,
_cc2016.
300 _av187 n13, pages 34-37:
_billustrations;
_c27 cm.
650 0 _932520
_aEconomic conditions.
942 _2ddc
_cPER